000 00801nam a2200289Ia 4500
003 OSt
005 20220912151409.0
006 a|||||r|||| 00| 0
007 ta
008 220909b |||||||| |||| 00| 0 eng d
024 _a31289
037 _cTextual
040 _aCSL
_beng
_cCSL
041 _aeng
082 _aCN1, M1
100 _aKramer Peter
245 0 _aGeometry of the time-dependent variational principle in quantum mechanics
260 _aBerlin
_bSpringer-Verlag
_c1981
300 _aiv,98p.
_ccm.
490 _aLecture Notes in Physics; 140
500 _aBibliography 97-98p
650 _a Quantum Theory
650 _aPhysics
700 _a Saraceno Marcos
942 _hCN1, M1
_cTEXL
_2CC
999 _c67527
_d67527